000 00791nam a2200229 a 4500
001 BRL_556
005 20190320210811.0
008 010616s19uu----gw-#######---#000-0#ger-#
050 4 _aML50
_b.R25 1900
100 1 _aRaimund, Ferdinand
_d1782-1852
_924285
245 1 0 _aDer Bauer als Millionär oder Das Mädchen aus der Feenwelt
_bromantisches original-Zaubermährchen mit Gesang in drei Ukten
_cvon Ferdinand Raimund ; Musik von Jos. Drechsler.
260 _aLeipzig
_bPhilipp Reclam Jun.
_c[19--]
300 _a66 p.
_c16 cm.
440 0 _aReclams universal Bibliothek
_vNr. 120
_924286
500 _aAu634
650 1 4 _aOpera
_923436
650 1 4 _aLibretos para operas
_923437
700 1 _aDrechsler, Joseph
_924287
740 0 _aBauer als Millionär
902 _aGRL
942 _2lcc
_cB
999 _c9368
_d9368